<?xml version="1.0" encoding="UTF-8"?>
<record
    xmlns:xsi="http://www.w3.org/2001/XMLSchema-instance"
    xsi:schemaLocation="http://www.loc.gov/MARC21/slim http://www.loc.gov/standards/marcxml/schema/MARC21slim.xsd"
    xmlns="http://www.loc.gov/MARC21/slim">

  <leader>01084nam a22002657a 4500</leader>
  <controlfield tag="005">20170504145018.0</controlfield>
  <datafield tag="010" ind1=" " ind2=" ">
    <subfield code="a">1617EN  ENG-116949</subfield>
  </datafield>
  <datafield tag="020" ind1=" " ind2=" ">
    <subfield code="a">9780198072393</subfield>
    <subfield code="c">655.00</subfield>
  </datafield>
  <datafield tag="035" ind1=" " ind2=" ">
    <subfield code="a">B-651521-526</subfield>
  </datafield>
  <datafield tag="035" ind1=" " ind2=" ">
    <subfield code="a">EN-100481</subfield>
  </datafield>
  <datafield tag="035" ind1=" " ind2=" ">
    <subfield code="a">B-666241</subfield>
  </datafield>
  <datafield tag="037" ind1=" " ind2=" ">
    <subfield code="b">Pragati</subfield>
    <subfield code="a">dpl</subfield>
  </datafield>
  <datafield tag="037" ind1=" " ind2=" ">
    <subfield code="b">DBAD/PUB</subfield>
  </datafield>
  <datafield tag="082" ind1=" " ind2=" ">
    <subfield code="a">910.285</subfield>
  </datafield>
  <datafield tag="100" ind1=" " ind2=" ">
    <subfield code="a">Bhatta, Basudeb</subfield>
  </datafield>
  <datafield tag="245" ind1=" " ind2=" ">
    <subfield code="a">Remote sensing and GIS /</subfield>
    <subfield code="c">by Basudeb Bhatta</subfield>
  </datafield>
  <datafield tag="250" ind1=" " ind2=" ">
    <subfield code="a">2nd ed.</subfield>
  </datafield>
  <datafield tag="260" ind1=" " ind2=" ">
    <subfield code="c">2015 (rp)</subfield>
    <subfield code="a">New Delhi</subfield>
    <subfield code="b">Oxford University Press</subfield>
  </datafield>
  <datafield tag="270" ind1=" " ind2=" ">
    <subfield code="a">YMCA Library Building, 1, Jai Singh Road, </subfield>
    <subfield code="b">New Delhi</subfield>
    <subfield code="e">110001.</subfield>
  </datafield>
  <datafield tag="300" ind1=" " ind2=" ">
    <subfield code="c">24cm(pbk)</subfield>
    <subfield code="a">xxiv, 716p.</subfield>
    <subfield code="b">colour illus.</subfield>
  </datafield>
  <datafield tag="500" ind1=" " ind2=" ">
    <subfield code="a">Includes references and index</subfield>
  </datafield>
  <datafield tag="942" ind1=" " ind2=" ">
    <subfield code="c">EN</subfield>
    <subfield code="2">ddc</subfield>
    <subfield code="h">910.285</subfield>
    <subfield code="m">BHA</subfield>
  </datafield>
  <datafield tag="999" ind1=" " ind2=" ">
    <subfield code="c">101914</subfield>
    <subfield code="d">101914</subfield>
  </datafield>
  <datafield tag="952" ind1=" " ind2=" ">
    <subfield code="0">0</subfield>
    <subfield code="1">0</subfield>
    <subfield code="4">0</subfield>
    <subfield code="7">1</subfield>
    <subfield code="8">NFIC</subfield>
    <subfield code="a">DBAD</subfield>
    <subfield code="b">BN</subfield>
    <subfield code="d">2016-12-27</subfield>
    <subfield code="e">DBAD/PUB</subfield>
    <subfield code="g">699.00</subfield>
    <subfield code="l">0</subfield>
    <subfield code="o">910.285 BHA</subfield>
    <subfield code="p">EN-100481</subfield>
    <subfield code="r">2016-12-27 00:00:00</subfield>
    <subfield code="t">1</subfield>
    <subfield code="v">699.00</subfield>
    <subfield code="y">EN</subfield>
  </datafield>
  <datafield tag="952" ind1=" " ind2=" ">
    <subfield code="0">0</subfield>
    <subfield code="1">0</subfield>
    <subfield code="4">0</subfield>
    <subfield code="7">0</subfield>
    <subfield code="8">NFIC</subfield>
    <subfield code="a">L</subfield>
    <subfield code="b">L</subfield>
    <subfield code="d">2017-02-09</subfield>
    <subfield code="e">BPPD/EN/2016-17/300/24.11.2016/IN339/02.12.2016/4.01.17</subfield>
    <subfield code="g">699.00</subfield>
    <subfield code="l">23</subfield>
    <subfield code="m">15</subfield>
    <subfield code="o">910.285 BHA</subfield>
    <subfield code="p">B-651521</subfield>
    <subfield code="r">2026-02-27 00:00:00</subfield>
    <subfield code="s">2026-01-10</subfield>
    <subfield code="t">1</subfield>
    <subfield code="v">699.00</subfield>
    <subfield code="y">EN</subfield>
  </datafield>
  <datafield tag="952" ind1=" " ind2=" ">
    <subfield code="0">0</subfield>
    <subfield code="1">0</subfield>
    <subfield code="4">0</subfield>
    <subfield code="7">0</subfield>
    <subfield code="8">NFIC</subfield>
    <subfield code="a">NPL</subfield>
    <subfield code="b">NPL</subfield>
    <subfield code="d">2017-02-09</subfield>
    <subfield code="e">BPPD/EN/2016-17/300/24.11.2016/IN339/02.12.2016/4.01.17</subfield>
    <subfield code="g">699.00</subfield>
    <subfield code="l">0</subfield>
    <subfield code="o">910.285 BHA</subfield>
    <subfield code="p">B-651522</subfield>
    <subfield code="r">2017-02-09 00:00:00</subfield>
    <subfield code="t">1</subfield>
    <subfield code="v">699.00</subfield>
    <subfield code="y">EN</subfield>
  </datafield>
  <datafield tag="952" ind1=" " ind2=" ">
    <subfield code="0">0</subfield>
    <subfield code="1">0</subfield>
    <subfield code="4">0</subfield>
    <subfield code="7">0</subfield>
    <subfield code="8">NFIC</subfield>
    <subfield code="a">BL1</subfield>
    <subfield code="b">BL1</subfield>
    <subfield code="d">2017-02-09</subfield>
    <subfield code="e">BPPD/EN/2016-17/300/24.11.2016/IN339/02.12.2016/4.01.17</subfield>
    <subfield code="g">699.00</subfield>
    <subfield code="l">0</subfield>
    <subfield code="o">910.285 BHA</subfield>
    <subfield code="p">B-651523</subfield>
    <subfield code="r">2017-02-09 00:00:00</subfield>
    <subfield code="t">1</subfield>
    <subfield code="v">699.00</subfield>
    <subfield code="y">EN</subfield>
  </datafield>
  <datafield tag="952" ind1=" " ind2=" ">
    <subfield code="0">0</subfield>
    <subfield code="1">0</subfield>
    <subfield code="4">0</subfield>
    <subfield code="7">0</subfield>
    <subfield code="8">NFIC</subfield>
    <subfield code="a">JP</subfield>
    <subfield code="b">JP</subfield>
    <subfield code="d">2017-02-09</subfield>
    <subfield code="e">BPPD/EN/2016-17/300/24.11.2016/IN339/02.12.2016/4.01.17</subfield>
    <subfield code="g">699.00</subfield>
    <subfield code="l">2</subfield>
    <subfield code="m">1</subfield>
    <subfield code="o">910.285 BHA</subfield>
    <subfield code="p">B-651524</subfield>
    <subfield code="r">2019-05-08 00:00:00</subfield>
    <subfield code="s">2019-05-03</subfield>
    <subfield code="t">1</subfield>
    <subfield code="v">699.00</subfield>
    <subfield code="y">EN</subfield>
  </datafield>
  <datafield tag="952" ind1=" " ind2=" ">
    <subfield code="0">0</subfield>
    <subfield code="1">0</subfield>
    <subfield code="4">0</subfield>
    <subfield code="7">0</subfield>
    <subfield code="8">NFIC</subfield>
    <subfield code="a">ZLS</subfield>
    <subfield code="b">ZLS</subfield>
    <subfield code="d">2017-02-09</subfield>
    <subfield code="e">BPPD/EN/2016-17/300/24.11.2016/IN339/02.12.2016/4.01.17</subfield>
    <subfield code="g">699.00</subfield>
    <subfield code="l">2</subfield>
    <subfield code="o">910.285 BHA</subfield>
    <subfield code="p">B-651525</subfield>
    <subfield code="r">2023-02-28 00:00:00</subfield>
    <subfield code="s">2023-02-14</subfield>
    <subfield code="t">1</subfield>
    <subfield code="v">699.00</subfield>
    <subfield code="y">EN</subfield>
  </datafield>
  <datafield tag="952" ind1=" " ind2=" ">
    <subfield code="0">0</subfield>
    <subfield code="1">0</subfield>
    <subfield code="4">0</subfield>
    <subfield code="7">0</subfield>
    <subfield code="8">NFIC</subfield>
    <subfield code="a">BN</subfield>
    <subfield code="b">BN</subfield>
    <subfield code="d">2017-02-09</subfield>
    <subfield code="e">BPPD/EN/2016-17/300/24.11.2016/IN339/02.12.2016/4.01.17</subfield>
    <subfield code="g">699.00</subfield>
    <subfield code="l">16</subfield>
    <subfield code="m">6</subfield>
    <subfield code="o">910.285 BHA</subfield>
    <subfield code="p">B-651526</subfield>
    <subfield code="r">2025-02-12 00:00:00</subfield>
    <subfield code="s">2025-01-16</subfield>
    <subfield code="t">1</subfield>
    <subfield code="v">699.00</subfield>
    <subfield code="y">EN</subfield>
  </datafield>
  <datafield tag="952" ind1=" " ind2=" ">
    <subfield code="0">0</subfield>
    <subfield code="1">0</subfield>
    <subfield code="4">0</subfield>
    <subfield code="7">0</subfield>
    <subfield code="8">NFIC</subfield>
    <subfield code="a">AV</subfield>
    <subfield code="b">AV</subfield>
    <subfield code="d">2017-05-04</subfield>
    <subfield code="e">BPPD/EN/2016-17/AV/16-17/466/15.02.2017/570/28.02.2017/10.3.2017</subfield>
    <subfield code="g">699.00</subfield>
    <subfield code="l">0</subfield>
    <subfield code="o">910.285 BHA</subfield>
    <subfield code="p">B-666241</subfield>
    <subfield code="r">2017-05-04 00:00:00</subfield>
    <subfield code="t">1</subfield>
    <subfield code="v">699.00</subfield>
    <subfield code="y">EN</subfield>
    <subfield code="z">reprint cost</subfield>
  </datafield>
</record>
